000 00891cam a22003013a 4500
001 29320
003 PGUSA
005 20140828083632.0
008 090705s2009||||xxu|||||s|||||000 1 eng d
040 _aPGUSA
_beng
042 _adc
050 4 _aPT
050 4 _aPZ
100 1 _aMeijboom, Margaretha,
_d1856-1927
245 1 0 _aNiels Holgersson's Wonderbare Reis
_h[electronic resource] /
_cMargaretha Meijboom
260 _bProject Gutenberg,
_c2009
506 _aPublic domain in the USA.
516 _aElectronic text
653 _aConduct of life -- Juvenile fiction
653 _aGeese -- Juvenile fiction
653 _aFantasy
653 _aSweden -- Juvenile fiction
653 _aBoys -- Juvenile fiction
740 0 _aNils Holgerssons underbara resa. Dutch
830 0 _aProject Gutenberg
_v29320
856 4 0 _uhttp://www.gutenberg.org/ebooks/29320
942 _cEB
999 _c258575
_d258575